[Event "CZE-ch"]
[Site "Olomouc"]
[Date "1995.??.??"]
[Round "?"]
[White "Freisler, Pavel"]
[Black "Kalod, Radek"]
[Result "1-0"]
[WhiteElo "2350"]
[BlackElo "2210"]

1.Nf3 Nf6 2.c4 c5 3.g3 b6 4.Bg2 Bb7 5.O-O e6 6.Nc3 Be7 7.d4 cxd4 8.Qxd4 d6
9.Bg5 a6 10.Bxf6 Bxf6 11.Qd3 O-O 12.Rad1 Be7 13.Ng5 Bxg5 14.Bxb7 Ra7 15.Be4 f5
16.Bg2 Rd7 17.f4 Bf6 18.e4 Bxc3 19.Qxc3 Kh8 20.exf5 exf5 21.Rfe1 b5 22.cxb5 Qb6+
23.Kh1 axb5 24.Rd5 Na6 25.Rxf5 Rfd8 26.Rh5 d5 27.Rxd5 Rxd5 28.Bxd5 Qf2 29.Qe3 Qxe3
30.Rxe3 g6 31.Bf3 b4 32.Kg2 Nc5 33.Re2 Kg7 34.Rc2 Na4 35.g4 Rd4 36.Kg3 Rd3
37.g5 h5 38.Kf2 b3 39.axb3 Rxb3 40.Rc7+ Kf8 41.Be4 Rxb2+ 42.Kg3 Rb6 43.f5 gxf5
44.Bxf5 Rb5 45.Kf4 Nb6 46.Be6 Nd5+ 47.Bxd5 Rxd5 48.Rh7 Rd4+ 49.Ke5 Rh4 50.Kf6 Kg8
51.Rg7+ Kf8 52.Ra7 Rf4+ 53.Kg6 h4 54.h3 Rf3 55.Kh7 Rxh3 56.g6 Rg3 57.g7+  1-0

[Event "Komercni Banka op"]
[Site "Olomouc"]
[Date "1995.??.??"]
[Round "7"]
[White "Krejci, Jakub"]
[Black "Machycek, Lubomir"]
[Result "0-1"]
[WhiteElo "2070"]
[BlackElo "2145"]

1.Nf3 Nf6 2.c4 e6 3.g3 b6 4.Bg2 Bb7 5.O-O c5 6.Nc3 Be7 7.d4 cxd4 8.Qxd4 d6
9.Rd1 a6 10.e4 Nc6 11.Qd3 Qc7 12.b3 O-O 13.Bf4 Rfd8 14.Rac1 Ne5 15.Qe2 Ng6
16.Bd2 Rac8 17.Nd4 Qb8 18.Be3 Qa8 19.Na4 Nd7 20.f3 Qa7 21.h4 Nc5 22.Nc3 Bf6
23.h5 Nf8 24.Qd2 Ba8 25.g4 Qe7 26.g5 Bxd4 27.Bxd4 d5 28.cxd5 exd5 29.Bh3 Nfe6
30.Qe3 dxe4 31.Nxe4 Nxe4 32.Rxc8 Rxc8 33.fxe4 Rd8 34.Bxe6 Qxe6 35.Re1 Qg4+
36.Kf2 Re8 37.Qg3 Qxh5 38.Bxb6 Qg6 39.Bd4 Bxe4 40.Qf4 Qc6 41.Re2 Qd5 42.Bb2 Qd3
43.Rd2 Qb5 44.Qxe4 Rxe4  0-1

[Event "Paris op"]
[Site "Paris"]
[Date "1995.??.??"]
[Round "?"]
[White "Spiridonov, Nikola"]
[Black "Shipov, Sergei"]
[Result "0-1"]
[WhiteElo "2420"]
[BlackElo "2510"]

1.Nf3 Nf6 2.c4 c5 3.g3 b6 4.Bg2 Bb7 5.O-O e6 6.Nc3 Be7 7.b3 O-O 8.Bb2 d6
9.e3 Nbd7 10.Qe2 Rc8 11.Rfd1 Qc7 12.d4 Ne4 13.Rac1 Nxc3 14.Bxc3 Nf6 15.Nd2 cxd4
16.Bxd4 Rfd8 17.Bxb7 Qxb7 18.Qf3 Qb8 19.e4 a6 20.Qe2 Nd7 21.Rc3 Qb7 22.f3 h6
23.Kg2 Rc6 24.a4 Rdc8 25.h4 Qb8 26.Nb1 Qb7 27.Rc2 b5 28.axb5 axb5 29.Ra2 Ra6
30.Rxa6 Qxa6 31.cxb5 Qa5 32.Qb2 Bf8 33.b4 Qxb4 34.Na3 Qa4 35.Rd3 d5 36.exd5 exd5
37.Rb3 Re8 38.b6 Nc5 39.Bxc5 Bxc5 40.b7 Bd4 41.Rb4 Qd1 42.Qxd4 Re2+ 43.Kh3 Qf1+
44.Kg4 h5+ 45.Kf4 Qc1+  0-1

[Event "Schwaebisch Gmuend op"]
[Site "Schwaebisch Gmuend"]
[Date "1995.??.??"]
[Round "?"]
[White "Jurek, Josef"]
[Black "Bischoff, Klaus"]
[Result "1/2-1/2"]
[WhiteElo "2355"]
[BlackElo "2525"]

1.Nf3 Nf6 2.g3 b6 3.Bg2 Bb7 4.c4 c5 5.O-O e6 6.Nc3 Be7 7.d4 cxd4 8.Qxd4 d6
9.b3 O-O 10.Rd1 Nbd7 11.Nb5 Ne4 12.Qe3 a6 13.Nfd4 Ndf6 14.Nc3 Nxc3 15.Qxc3 Bxg2
16.Kxg2 Qc7 17.Qf3 Rac8 18.Bb2 Nd7 19.Rac1 Rfd8 20.Qe4 Nf6 21.Qf3 Nd7 22.Qe4 Nf6  1/2-1/2

[Event "Skei-B"]
[Site "Skei"]
[Date "1995.??.??"]
[Round "4"]
[White "Johannessen, Svein"]
[Black "Giddins, Stephen"]
[Result "1/2-1/2"]
[WhiteElo "2310"]
[BlackElo "2290"]

1.Nf3 Nf6 2.g3 b6 3.Bg2 Bb7 4.O-O e6 5.c4 c5 6.b3 Be7 7.Bb2 O-O 8.Nc3 d6
9.Qc2 Nbd7 10.Rad1 a6 11.a3 Qc7 12.Qb1 Rac8 13.Nh4 Bxg2 14.Nxg2 Qb7 15.a4 Rfe8
16.d3 Bf8 17.e4 d5 18.f4 Nb8 19.e5 Nfd7 20.cxd5 exd5 21.d4 cxd4 22.Ne2 f6
23.Nxd4 fxe5 24.fxe5 Nxe5 25.Qf5 Qd7 26.Nf4 Qxf5 27.Nxf5 Ng4 28.Nxd5 Re2
29.Bxg7 Nc6 30.Bxf8 Rxf8 31.Nf4 Rb2 32.Rd6 Rxf5 33.Rxc6 Ne3 34.Rfc1 Rxb3
35.Re6 Rc5 36.Re1 Nf5 37.Rf6 Nd4 38.Re8+ Kg7 39.Rff8 Rc2 40.Nh5+ Kh6 41.Rf6+ Kxh5
42.Re5+ Nf5 43.Rexf5+ Kg4 44.Rf4+ Kg5  1/2-1/2

[Event "Stockholm-B"]
[Site "Stockholm"]
[Date "1995.??.??"]
[Round "8"]
[White "Poley, Vladimir"]
[Black "Sammalvuo, Tapani"]
[Result "1/2-1/2"]
[WhiteElo "2355"]
[BlackElo "2390"]

1.Nf3 c5 2.g3 b6 3.Bg2 Bb7 4.c4 Nf6 5.O-O e6 6.d3 Be7 7.b3 O-O 8.Bb2 d5 9.cxd5 Nxd5
10.Na3 Bf6 11.Qd2 Nc6 12.Nc4 Qe7 13.e4 Bxb2 14.exd5 Bxa1 15.dxc6 Bxc6 16.Rxa1 Qf6
17.Qb2 Qxb2 18.Nxb2 Rad8 19.Ne5 Bxg2 20.Kxg2 f6 21.Nec4 e5 22.Kf3 Rd4 23.Re1 Rfd8
24.Re4 Rxe4 25.Kxe4 Rd4+ 26.Ke3 Kf7 27.Nd1 e4 28.Ncb2 exd3 29.Nxd3 Rd7 30.Nc3 Ke6
31.Ne4 Kd5 32.g4 Re7 33.f3 Re8 34.Nf4+ Ke5 35.Nh5 Re7 36.Nhg3 Kd5 37.Nf5 Rd7
38.h4 a5 39.Nc3+ Kc6 40.Ke2 b5 41.Ne3 Rd8 42.a4 bxa4 43.Nxa4 Kb5 44.Nc4 h5
45.Nd2 hxg4 46.fxg4 Rh8 47.h5 f5 48.Nc3+ Kb4 49.Nd5+  1/2-1/2

[Event "SVK-chT"]
[Site "?"]
[Date "1995.??.??"]
[Round "?"]
[White "Konopka, Michal"]
[Black "Zavadsky, Peter"]
[Result "1-0"]
[WhiteElo "2395"]
[BlackElo "2330"]

1.Nf3 Nf6 2.c4 c5 3.g3 b6 4.Bg2 Bb7 5.O-O e6 6.Nc3 Be7 7.d4 cxd4 8.Qxd4 d6
9.Bg5 a6 10.Bxf6 Bxf6 11.Qd3 O-O 12.Rfd1 Be7 13.Ng5 Bxg5 14.Bxb7 Ra7 15.Be4 f5
16.Bg2 Rd7 17.f4 Bf6 18.e4 fxe4 19.Nxe4 d5 20.cxd5 exd5 21.Nxf6+ Rxf6 22.Bxd5+ Kh8
23.Qf3 Rfd6 24.Bb3 Rd3 25.Rxd3 Rxd3 26.Qe4 Rd4 27.Qf5 Nd7 28.Re1 Nf6 29.Rc1 Nd7
30.Qf7 Re4 31.Rc7 Re7 32.Qd5 Qe8 33.Ra7 Re1+ 34.Kg2 Re2+ 35.Kh3 Nf6 36.Qa8 h5
37.Bd1 Kh7 38.Qxe8 Rxe8 39.Rxa6 Rd8 40.Bc2+ Kg8 41.Rxb6 Rd2 42.Bg6 Kf8 43.a4 Ng4
44.Bxh5 Nxh2 45.Rb8+ Ke7 46.Re8+  1-0

[Event "Tampere op"]
[Site "Tampere"]
[Date "1995.??.??"]
[Round "?"]
[White "Koskinen, Henri"]
[Black "Kiik, Kalle"]
[Result "1/2-1/2"]
[WhiteElo "2260"]
[BlackElo "2410"]

1.Nf3 c5 2.c4 e6 3.g3 b6 4.Bg2 Bb7 5.O-O Nf6 6.b3 Be7 7.Bb2 d6 8.d4 cxd4
9.Nxd4 Bxg2 10.Kxg2 Qc8 11.Nc3 Qb7+ 12.Kg1 a6 13.Nc2 O-O 14.Ne3 Nc6 15.Qd2 b5
16.f4 Rad8 17.cxb5 axb5 18.Rac1 d5 19.Ncd1 d4 20.Nc2 Qa7 21.Qd3 e5 22.Nf2 Qxa2
23.Qxb5 Qxb2 24.Qxc6 e4 25.Rb1 Qa2 26.Ra1 Qxb3 27.Rfb1 Qd5 28.Qxd5 Rxd5 29.Rd1 Rfd8
30.Kg2 h5 31.Ra4 Bc5 32.Nb4 R5d6 33.Rc1 Bxb4 34.Rxb4 Nd5 35.Rb5 Ne3+ 36.Kg1 d3
37.exd3 exd3 38.Nd1 d2 39.Rcb1 Ng4 40.h3 Nf6 41.Rb8 Rxb8 42.Rxb8+ Kh7 43.Kg2 Rd3
44.Rb4 Kg6 45.Kf2 h4 46.gxh4 Rxh3 47.Rd4 Rxh4 48.Kg3 Rh1 49.Nf2 Re1 50.Kf3 Kf5
51.Rxd2 Ra1 52.Rd4 Ra3+ 53.Ke2 g6 54.Nd3 Ng4 55.Kf3 Nf6 56.Ke2 Ra5 57.Kf3 Rd5
58.Rxd5+ Nxd5 59.Ne5 f6 60.Nd3 Nc7 61.Nf2 Nd5 62.Nd3 Ke6 63.Nc5+ Kd6 64.Ne4+ Ke7
65.Nc5 Nc3 66.Nd3 Kd6 67.Ne1 Kc5 68.Ng2 Nd5 69.Ke4 Kd6 70.Kf3 Ne7 71.Ne3 Kc5
72.Ke4 Nc8 73.Kf3 Nb6 74.Ng2 Nc8 75.Ne3 Kd4 76.Ng4 f5 77.Nf2 Nd6 78.Nd1 Nc4
79.Nf2 Nd2+ 80.Ke2 Nb3 81.Kf3 Nc5 82.Ke2 Ne4 83.Nh3 Ng3+ 84.Kf2 Ne4+ 85.Ke2 Kc3
86.Ng1 Nd2 87.Nh3 Nb3 88.Ng5 Nd4+ 89.Ke3 Nc2+ 90.Kf2 Kd3 91.Nf7  1/2-1/2

[Event "Toronto op"]
[Site "Toronto"]
[Date "1995.??.??"]
[Round "8"]
[White "Krnic, Zdenko"]
[Black "Jakobsen, Lars Veno"]
[Result "1-0"]
[WhiteElo "2450"]
[BlackElo "2280"]

1.Nf3 c5 2.c4 Nf6 3.g3 b6 4.Bg2 Bb7 5.O-O e6 6.Nc3 a6 7.d4 cxd4 8.Qxd4 d6
9.Be3 Nbd7 10.Rfd1 Be7 11.Ng5 Bxg2 12.Kxg2 O-O 13.Rac1 Qc7 14.Nge4 Ne8 15.f3 Rb8
16.b3 Ne5 17.Bf4 Nc6 18.Qd2 Ne5 19.Bxe5 dxe5 20.Qd7 Rb7 21.Qxc7 Rxc7 22.Na4 f5
23.Nf2 Ba3 24.Rc3 Bb4 25.Rcd3 Rc6 26.Re3 b5 27.Nb2 f4 28.gxf4 exf4 29.Re4 Bc3
30.Nbd3 Nf6 31.Rxf4 g5 32.Rxf6 Bxf6 33.c5 a5 34.Ne4 h6 35.a3 Kg7 36.b4 a4
37.Ndf2 Bb2 38.Rd3 Rc7 39.Nd6 Rb8 40.Nfe4 Kf8 41.Nc3 Bxc3 42.Rxc3 Ke7 43.Kg3 Kd7
44.Re3 Rc6 45.Kg4 Rxd6 46.cxd6 Kxd6 47.Kh5 Rc8 48.Kxh6 Rh8+ 49.Kxg5 Rxh2
50.Kf4 Rh4+ 51.Kg3 Rc4 52.Rd3+ Ke5 53.Kf2 Rc2 54.Re3+ Kf5 55.Kg3 Rb2 56.f4 Rb3
57.Kf3 Rb2 58.Re5+ Kf6 59.Rxb5 Rb3+ 60.Ke4 Rxa3 61.Rb6 Ke7 62.Ra6 Ra2 63.e3 a3
64.Ke5 Rb2 65.Rxe6+ Kf7 66.Ra6 a2 67.f5  1-0

[Event "FRA-chB"]
[Site "Toulouse"]
[Date "1995.??.??"]
[Round "4"]
[White "Neuillet, Alexandre"]
[Black "Spielmann, Alain"]
[Result "0-1"]
[WhiteElo "2205"]
[BlackElo "2270"]

1.Nf3 Nf6 2.g3 b6 3.Bg2 Bb7 4.O-O c5 5.c4 e6 6.Nc3 d6 7.b3 a6 8.Bb2 Be7 9.d4 cxd4
10.Qxd4 Nbd7 11.h3 O-O 12.Kh2 Qc7 13.e4 Rad8 14.Qe3 Rfe8 15.Nd4 Nc5 16.f4 d5
17.cxd5 exd5 18.e5 Nfe4 19.b4 Qb8 20.Nf5 d4 21.Nxd4 Nxc3 22.Bxc3 Bxg2 23.Kxg2 Qa8+
24.Kh2 Ne4 25.Nf5 Nxc3 26.Qxc3 Rc8 27.Nxe7+ Rxe7 28.Qe3 Rec7 29.Rac1 h5 30.Rxc7 Rxc7
31.Qxb6 Rc2+ 32.Rf2 Rc1 33.Rg2 Qf3 34.Qf2 Qc3 35.g4 hxg4 36.hxg4 Qxb4 37.f5 Qb1
38.Qd2 Rd1 39.Qc3 Rc1 40.Qd2 Rd1 41.Qc3 Qe4 42.e6 Qf4+  0-1

[Event "Werfen op"]
[Site "Werfen"]
[Date "1995.??.??"]
[Round "3"]
[White "Neckar, Lubomir"]
[Black "Wichmann, Cliff"]
[Result "1/2-1/2"]
[WhiteElo "2360"]
[BlackElo "2205"]

1.Nf3 Nf6 2.c4 c5 3.g3 b6 4.Bg2 Bb7 5.O-O e6 6.Nc3 Be7 7.d4 cxd4 8.Qxd4 Nc6
9.Qf4 O-O 10.Rd1 d6 11.b3 Nb4 12.Bb2 Qb8 13.a3 Na6 14.b4 Nc7 15.Qe3 Rc8 16.Rac1 Nce8
17.Nb5 a6 18.Nbd4 Rc7 19.Bh3 Bf8 20.Nb3 Bc8 21.Bg2 Nd7 22.Ng5 Raa7 23.Nd4 Ne5
24.Qb3 Bb7 25.Bxb7 Qxb7  1/2-1/2

[Event "Sonnevanck-B"]
[Site "Wijk aan Zee"]
[Date "1995.??.??"]
[Round "4"]
[White "Peelen, Piet"]
[Black "De Vreugt, Dennis"]
[Result "1-0"]
[WhiteElo "2395"]
[BlackElo "2270"]

1.Nf3 c5 2.g3 b6 3.Bg2 Bb7 4.O-O Nf6 5.c4 e6 6.Nc3 d6 7.b3 Be7 8.d4 cxd4
9.Qxd4 O-O 10.Rd1 Nbd7 11.Ba3 Nc5 12.b4 Nce4 13.Nxe4 Nxe4 14.Rac1 Qc7 15.Qd3 a5
16.b5 Nc5 17.Bxc5 bxc5 18.Nd2 Rfd8 19.Bxb7 Qxb7 20.a4 d5 21.Qf3 Qc7 22.cxd5 Rxd5
23.Nc4 Rad8 24.Qb3 Bg5 25.Rb1 h5 26.b6 Qd7 27.Rxd5 exd5 28.Nxa5 c4 29.Qb5 c3
30.Qxd7 Rxd7 31.b7 Rxb7 32.Rxb7 c2 33.Nb3  1-0

[Event "Hoogovens op"]
[Site "Wijk aan Zee"]
[Date "1995.??.??"]
[Round "6"]
[White "Cifuentes Parada, Roberto"]
[Black "Van der Werf, Mark"]
[Result "1-0"]
[WhiteElo "2535"]
[BlackElo "2415"]

1.c4 e6 2.Nf3 Nf6 3.g3 b6 4.Bg2 Bb7 5.O-O c5 6.Nc3 Be7 7.d4 cxd4 8.Qxd4 d6
9.Bg5 a6 10.Bxf6 Bxf6 11.Qf4 O-O 12.Rfd1 Be7 13.Ne4 Bxe4 14.Qxe4 Ra7 15.Nd4 Qc8
16.b3 Re8 17.Rac1 Rc7 18.Qb1 Rc5 19.e3 Rd8 20.a4 a5 21.Rc2 Nd7 22.Rcd2 Nf6
23.e4 Ne8 24.Qd3 g6 25.Qe2 Nc7 26.Nc2 Re8 27.Ne3 Rf8 28.h3 Qe8 29.Kh2 f5
30.f4 Qf7 31.exf5 gxf5 32.Rxd6 Bxd6 33.Rxd6 Ne8 34.Rxb6 Ng7 35.Nc2 Rd8 36.Qe3 Rc7
37.Nd4 Rcd7 38.Nc6 Qf6 39.Nxd8 Rxd8 40.Qe5 Qxe5 41.fxe5 Rd2 42.c5 Rc2 43.c6 Kf7
44.Rb7+ Kg6 45.Re7 f4 46.gxf4 Nh5 47.c7 Nxf4 48.c8=Q Rxc8 49.Be4+ Kg5 50.Rxh7 Nd5
51.Bxd5 exd5 52.Rd7 Rc2+ 53.Kg1 Rc3 54.Rxd5 Rxh3 55.Rxa5 Rxb3 56.Rb5 Re3
57.Kf2 Re4 58.a5 Kf4 59.Rc5 Kg4 60.Rd5 Kf4 61.Rb5 Kf5 62.Kf3 Re1 63.Rc5 Kg5
64.a6 Ra1 65.Rc6 Kf5 66.e6 Kf6 67.Ke2 Ke7 68.Kd2 Rb1 69.Kc2 Rb4 70.Kc3 Ra4
71.Kb3 Rh4 72.a7 Rh8 73.Kb4 Ra8 74.Ra6  1-0

[Event "EU-ch U16"]
[Site "Zagan"]
[Date "1995.??.??"]
[Round "1"]
[White "Istrate, Bogdan"]
[Black "Halkias, Stelios"]
[Result "1-0"]
[WhiteElo "2205"]
[BlackElo "2235"]

1.Nf3 Nf6 2.g3 b6 3.Bg2 Bb7 4.O-O e6 5.c4 c5 6.Nc3 d6 7.Re1 Be7 8.e4 Nbd7
9.d4 cxd4 10.Nxd4 Qc7 11.Be3 a6 12.Rc1 Rc8 13.f4 O-O 14.Bf2 Qb8 15.e5 Ne8
16.Bh3 Rd8 17.Qe2 dxe5 18.fxe5 Ba8 19.Bg4 g6 20.Nf3 Bxf3 21.Bxf3 Ng7 22.Rcd1 Qc7
23.g4 Nc5 24.b4 Nd7 25.a3 Rc8 26.Rd4 Rfd8 27.Red1 f5 28.h3 Nb8 29.Rxd8+ Bxd8
30.Rd6 Nc6 31.Na4 Be7 32.Bxb6 Qb7 33.Rd2 Ne8 34.Bc5 Qc7 35.Bxe7 Nxe7 36.Nc5 Qb6
37.Rd4  1-0

[Event "Zalakaros op"]
[Site "Zalakaros"]
[Date "1995.??.??"]
[Round "5"]
[White "Csom, Istvan"]
[Black "Zsinka, Laszlo"]
[Result "1-0"]
[WhiteElo "2455"]
[BlackElo "2355"]

1.c4 c5 2.Nf3 Nf6 3.g3 b6 4.Bg2 Bb7 5.O-O e6 6.Nc3 d6 7.d4 cxd4 8.Qxd4 a6
9.Rd1 Qc7 10.b3 Nbd7 11.Bg5 Be7 12.Rac1 O-O 13.Qd2 Rfe8 14.Bf4 e5 15.Bg5 Rad8
16.Ne1 Qb8 17.Bxb7 Qxb7 18.Nc2 b5 19.Bxf6 Nxf6 20.Ne3 bxc4 21.Ncd5 Ne4 22.Qc2 Nc5
23.Nxc4 Bg5 24.Rb1 e4 25.Na5 Qd7 26.b4 Ne6 27.Qc6 Qa7 28.Qb7 Qxb7 29.Nxb7 Rd7
30.Na5 Rb8 31.a3 Bd8 32.Nc4 Kf8 33.Kg2 Be7 34.Rbc1 Bd8 35.Rb1 Be7 36.h4 h5
37.Nce3 g6 38.Nc4 Bd8 39.Rbc1 Rb5 40.Nc3 Rb8 41.Nxe4 d5 42.Ne3 d4 43.Nc4 Rb5
44.Nc3 Rbb7 45.Ne5 Rdc7 46.Ne4 Be7 47.Nc6 f5 48.Nd2 Bf6 49.Nb3 Kf7 50.Rc2 Rd7
51.Nc1 Rbc7 52.Nd3 Rd5 53.Rdc1 Rcd7 54.Nb8 R7d6 55.Rc6 Rxc6 56.Rxc6 a5 57.Rxe6 Kxe6
58.Nf4+ Kd6 59.Nxd5 Kxd5 60.bxa5 Be5 61.Na6 Bd6 62.Nb4+ Kc5 63.a6 Kb6 64.a7 Kxa7
65.Nc6+ Kb6 66.Nxd4 Bxa3 67.Ne6 Bd6 68.Kf3  1-0

[Event "Zalakaros op"]
[Site "Zalakaros"]
[Date "1995.??.??"]
[Round "6"]
[White "Gyorkos, Lajos"]
[Black "Csom, Istvan"]
[Result "1/2-1/2"]
[WhiteElo "2405"]
[BlackElo "2455"]

1.Nf3 c5 2.g3 b6 3.Bg2 Bb7 4.O-O Nf6 5.c4 e6 6.Nc3 d6 7.b3 a6 8.Bb2 Nbd7
9.e3 Be7 10.Qe2 O-O 11.Rfd1 Re8 12.d3 Qc7 13.Rac1 Rac8 14.Nb1 Qb8 15.Nbd2 Bf8
16.e4 Ne5 17.Ne1 Nfd7 18.Ndf3 Nc6 19.d4 cxd4 20.Nxd4 Qa8 21.Ndc2 Nc5 22.Ne3 Ne5
23.f3 b5 24.b4 Na4 25.Bxe5 dxe5 26.c5 Bc6 27.Nd3 Qb8 28.Rc2 Red8 29.Nf1 Rd7
30.Nd2 Rcd8 31.Nb3 Qc7 32.Bf1 g6 33.Nf2 h5 34.Rxd7 Rxd7 35.g4 hxg4 36.Nxg4 Bg7
37.Qe3 f5 38.Nf2 Bf6 39.Nd3 Rh7 40.Rg2 Be8 41.Re2 Rh4 42.Rg2 Kg7 43.Qe1 Rh5
44.exf5 Rxf5 45.Nf2 Rxf3 46.Ne4 Be7 47.Ng5 Bxg5 48.Rxg5 Rf5 49.Rg3 Rf4 50.Qd2 Qf7
51.Bg2 Qf5 52.Qe1 Rc4 53.Rf3 Qg5 54.Rg3 Qf5 55.Rf3 Qg5 56.Rg3 Qf5 57.Rf3 Qg5  1/2-1/2

[Event "Zalakaros op"]
[Site "Zalakaros"]
[Date "1995.??.??"]
[Round "8"]
[White "Farago, Sandor"]
[Black "Petran, Peter"]
[Result "0-1"]
[WhiteElo "2360"]
[BlackElo "2470"]

1.Nf3 Nf6 2.c4 e6 3.g3 b6 4.Bg2 Bb7 5.O-O c5 6.b3 Be7 7.Bb2 O-O 8.Nc3 d5
9.cxd5 Nxd5 10.Nxd5 Bxd5 11.Re1 Be4 12.d3 Bb7 13.Qc2 Nd7 14.Rac1 Rc8 15.Qb1 Bf6
16.Red1 Bxb2 17.Qxb2 Qf6 18.Qb1 Rfd8 19.b4 Qe7 20.bxc5 Nxc5 21.Qb4 e5 22.Qa3 Rd7
23.Nd2 Bxg2 24.Kxg2 Rdc7 25.Rc4 Kf8 26.Rdc1 Ne6 27.Qa6 Rxc4 28.Rxc4 Rxc4
29.Nxc4 Qc7 30.Qb5 Nc5 31.a4 f6 32.f3 Qd7 33.Na3 Qxb5 34.axb5 Ke7 35.Kf2 Kd6
36.Nc4+ Ke6 37.Ke1 Nb3 38.e3 Kd5 39.Kd1 Kc5 40.Kc2 Na5 41.Na3 Kb4 42.Kb2 Nb7
43.d4 Nd6 44.d5 f5 45.h3 g6 46.g4 fxg4 47.hxg4 h5 48.gxh5 gxh5 49.e4 h4 50.Nc2+ Kxb5
51.Ne3 h3 52.Ng4 a5 53.Kc3 a4 54.Kc2 Kc5 55.Kd3 Nc4  0-1

[Event "AUT-chT9697"]
[Site "Austria"]
[Date "1996.??.??"]
[Round "1"]
[White "Kraschl, Joerg"]
[Black "Felsberger, Alfred"]
[Result "0-1"]
[WhiteElo "2335"]
[BlackElo "2400"]

1.c4 c5 2.Nf3 Nf6 3.g3 b6 4.Bg2 Bb7 5.O-O e6 6.Nc3 d6 7.d4 cxd4 8.Qxd4 a6
9.Rd1 Nbd7 10.b3 Be7 11.e4 Qc7 12.Ba3 Nc5 13.e5 dxe5 14.Qxe5 Rc8 15.Qxc7 Rxc7
16.Ne5 Bxg2 17.Kxg2 Ncd7 18.Bxe7 Kxe7 19.Nd3 b5 20.Nb4 bxc4 21.Nxa6 Rc6 22.Nb4 Rb6
23.a3 cxb3 24.Na4 Rd6 25.Rxd6 Kxd6 26.Rd1+ Nd5 27.Rd3 Ra8 28.Nb2 Nc5 29.Nc4+ Kc7
30.Nxd5+ exd5 31.Rxd5 Kc6 32.Rd1 Kb5 33.Rc1 Rd8 34.Nb2 Rd2 35.a4+ Nxa4 36.Nxa4 Kxa4
37.Rc7 Rd5  0-1

[Event "AUT-chT2S 9697"]
[Site "Austria"]
[Date "1996.??.??"]
[Round "2"]
[White "Buchegger, J."]
[Black "Hoffmann, Erich"]
[Result "1/2-1/2"]
[WhiteElo "2090"]
[BlackElo "1995"]

1.c4 Nf6 2.Nf3 b6 3.g3 Bb7 4.Bg2 e6 5.O-O c5 6.Nc3 Be7 7.d4 cxd4 8.Qxd4 Nc6
9.Qd2 a6 10.b3 Qc7 11.Rd1 O-O 12.Bb2 Rad8 13.Rac1 Qb8 14.Ng5 h6 15.Nge4 d6
16.Nxf6+ Bxf6 17.Ne4  1/2-1/2

[Event "AUT-chT9596"]
[Site "?"]
[Date "1996.??.??"]
[Round "?"]
[White "Kraschl, Joerg"]
[Black "Neulinger, Manfred"]
[Result "1-0"]
[WhiteElo "2360"]
[BlackElo "2360"]

1.c4 Nf6 2.Nf3 e6 3.g3 b6 4.Bg2 Bb7 5.O-O c5 6.Nc3 d6 7.d4 cxd4 8.Qxd4 Be7
9.Rd1 Nc6 10.Qf4 O-O 11.Ng5 Qb8 12.b3 Rd8 13.Bb2 h6 14.Nge4 Ne5 15.Nxf6+ Bxf6
16.Bxb7 Qxb7 17.Ne4 Be7 18.Nxd6 Rxd6 19.Bxe5 Rd7 20.Qg4 g6 21.Rd3 Rxd3 22.exd3 Rd8
23.Rd1 b5 24.h4 h5 25.Qf4 bxc4 26.Qh6 f6 27.Qxg6+ Kf8 28.Bxf6 Rxd3 29.Bg7+  1-0

[Event "AUT-chT9596"]
[Site "?"]
[Date "1996.??.??"]
[Round "?"]
[White "Stanec, Nikolaus"]
[Black "Teske, Henrik"]
[Result "1/2-1/2"]
[WhiteElo "2490"]
[BlackElo "2510"]

1.c4 e6 2.Nf3 c5 3.g3 b6 4.Bg2 Bb7 5.O-O Nf6 6.Nc3 Be7 7.d4 cxd4 8.Qxd4 O-O
9.Rd1 Nc6 10.Qf4 Qb8 11.Qxb8 Raxb8 12.Bf4 Rbc8 13.b3 Rfd8 14.Nd4 d5 15.Nxc6 Bxc6
16.cxd5 Nxd5 17.Nxd5 Bxd5 18.Bxd5 Rxd5 19.Rxd5 exd5 20.Rc1  1/2-1/2

[Event "AUT-ch"]
[Site "AUT"]
[Date "1996.??.??"]
[Round "5"]
[White "Sommerbauer, Norbert"]
[Black "Casagrande, Harald"]
[Result "1/2-1/2"]
[WhiteElo "2350"]
[BlackElo "2365"]

1.Nf3 c5 2.c4 b6 3.g3 Bb7 4.Bg2 Nf6 5.O-O e6 6.Nc3 Be7 7.Re1 d5 8.cxd5 Nxd5
9.e4 Nxc3 10.bxc3 O-O 11.d4 cxd4 12.cxd4 Nc6 13.d5 exd5 14.exd5 Nb4 15.Ba3 a5
16.Ne5 Bf6 17.Rb1 Bxe5 18.Rxe5 Qf6 19.Bxb4 axb4 20.Re2 Qd6 21.Reb2 Qc5 22.Rxb4 Rxa2
23.Qd4 Ra5 24.Qxc5 Rxc5 25.Rb5 Ba8 26.Rxc5 bxc5 27.Rb5 Rc8 28.Bh3 Rd8 29.d6 Bc6
30.Rb6 Bd5 31.Bg2 Bxg2 32.Kxg2 f6 33.Rc6  1/2-1/2

[Event "Balatonbereny op"]
[Site "Balatonbereny"]
[Date "1996.??.??"]
[Round "2"]
[White "Gyorkos, Lajos"]
[Black "Ionescu, Constantin"]
[Result "1/2-1/2"]
[WhiteElo "2390"]
[BlackElo "2525"]

1.Nf3 c5 2.g3 b6 3.Bg2 Bb7 4.O-O Nf6 5.c4 e6 6.Nc3 d6 7.d4 cxd4 8.Qxd4 a6
9.b3 Nbd7 10.e4 Be7 11.Ba3 Nc5 12.Rad1 Qb8 13.Rfe1 O-O 14.e5 dxe5 15.Qxe5 Qa7
16.Qe2 Rac8 17.Ne5 Rc7 18.Bc1 Bxg2 19.Kxg2 Qb7+ 20.Qf3 Rfc8 21.Bf4 h6 22.h4 Ncd7
23.Nxd7 Rxd7 24.Rxd7 Qxd7 25.Be5 b5 26.Rd1 Qe8 27.cxb5 axb5 28.Bxf6 gxf6
29.Rd2 b4 30.Ne4 Qc6 31.g4 Kg7 32.Rd4 Ra8 33.Rc4 Qb7 34.Rc2 Ra5 35.Ng3 Qxf3+
36.Kxf3 f5 37.gxf5 Bxh4 38.fxe6 fxe6 39.Rc7+ Kg6 40.Rb7 Bxg3  1/2-1/2

[Event "Regionalliga NW9596"]
[Site "Bayern"]
[Date "1996.??.??"]
[Round "?"]
[White "Djeno, Drago"]
[Black "Kruszynski, Wlodzimierz"]
[Result "1/2-1/2"]
[WhiteElo "2185"]
[BlackElo "2345"]

1.Nf3 Nf6 2.g3 b6 3.Bg2 Bb7 4.c4 c5 5.O-O e6 6.Nc3 d6 7.Re1 Be7 8.e4 a6 9.b3 O-O
10.d4 cxd4 11.Nxd4 Qc7 12.Bb2 Nbd7 13.g4 Ne5 14.g5 Nfd7 15.f4 Ng6 16.Qd2 d5
17.f5 Nf4 18.f6 Bc5 19.fxg7 Rfd8 20.exd5 e5 21.Ne4 Nxg2 22.Qxg2 Bxd4+ 23.Bxd4 exd4
24.Qh3 Qf4 25.Qh6 Re8 26.Ng3 Ne5 27.Nh5 Qg4+ 28.Kh1 Qf3+ 29.Kg1 Ng4 30.Nf6+ Nxf6
31.gxf6 d3 32.Qg5 Re2 33.Rxe2 dxe2 34.Qe5 Qg4+ 35.Kh1 Qd7 36.Qxe2 Re8 37.Qf2 b5
38.Re1 bxc4 39.Rxe8+ Qxe8 40.bxc4 Qe4+ 41.Kg1 Qxc4 42.Qb6 Qc1+ 43.Kf2 Qc8
44.d6 h5 45.Ke3 Qe6+ 46.Kd2 Qxa2+ 47.Kc3 Qa1+ 48.Qb2  1/2-1/2

[Event "Regionalliga NW9596"]
[Site "Bayern"]
[Date "1996.??.??"]
[Round "?"]
[White "Seidel, Dieter"]
[Black "Karl, Winfried"]
[Result "1-0"]
[WhiteElo "1905"]
[BlackElo "1915"]

1.c4 e6 2.Nf3 Nf6 3.g3 b6 4.Bg2 Bb7 5.O-O c5 6.b3 Be7 7.Bb2 O-O 8.d4 cxd4
9.Nxd4 Bxg2 10.Kxg2 Nc6 11.Nc3 Rc8 12.Qd2 Qc7 13.Ndb5 Qb8 14.Rfd1 d6 15.e4 Rfd8
16.Qe2 a6 17.Na3 Nb4 18.Rd2 Qb7 19.Rad1 d5 20.exd5 exd5 21.cxd5 Nbxd5 22.Nxd5 Rxd5
23.Qf3 Bxa3 24.Bxf6 gxf6 25.Rxd5 Bf8 26.Rg5+  1-0

[Event "Lee Cup"]
[Site "Beijing"]
[Date "1996.??.??"]
[Round "10"]
[White "Xia Yu"]
[Black "Zhang Weida"]
[Result "0-1"]
[WhiteElo "2355"]
[BlackElo "2290"]

1.Nf3 c5 2.c4 b6 3.g3 Bb7 4.Bg2 Nf6 5.O-O e6 6.Nc3 Be7 7.d4 cxd4 8.Nxd4 Bxg2
9.Kxg2 Qc7 10.Qd3 a6 11.e4 d6 12.b3 Nbd7 13.Bb2 O-O 14.Rfd1 Qb7 15.f3 Rfe8
16.Nc2 Rab8 17.Ne3 b5 18.Rac1 Ne5 19.Qe2 g5 20.h3 h5 21.Nb1 Ng6 22.Kh2 h4
23.gxh4 Nxh4 24.Rg1 Nh5 25.Ng4 f6 26.Nxf6+ Bxf6 27.Bxf6 Nxf6 28.Qe3 Kh8 29.Nd2 Nh7
30.Rxg5 Rg8 31.Rg4 Rxg4 32.hxg4 Qg7 33.cxb5 axb5 34.Rc6 Rf8 35.Qc3 Qxc3 36.Rxc3 Ng5
37.Kg3 Nhxf3 38.Rxf3 Nxf3 39.Nxf3 Ra8 40.a4 bxa4 41.bxa4 Kg7  0-1

[Event "Bern op"]
[Site "Bern"]
[Date "1996.??.??"]
[Round "2"]
[White "Jurek, Josef"]
[Black "Saladin, Thomas"]
[Result "1-0"]
[WhiteElo "2345"]
[BlackElo "2105"]

1.Nf3 Nf6 2.c4 c5 3.g3 b6 4.Bg2 Bb7 5.O-O e6 6.Nc3 d6 7.b3 a6 8.Bb2 Be7 9.e3 O-O
10.Qe2 Qc7 11.Rac1 Re8 12.Rfd1 Nbd7 13.d4 Bf8 14.d5 exd5 15.Nxd5 Bxd5 16.cxd5 b5
17.Nd4 g6 18.Ne6 Qb6 19.Nxf8 Kxf8 20.Qf3 Nh5 21.g4 Ng7 22.Qg3 a5 23.h4 a4
24.h5 Red8 25.Qh4 Kg8 26.hxg6 fxg6 27.Qe7 Ne8 28.Qe6+ Kf8 29.b4 a3 30.Ba1 Ra4
31.Bc3 cxb4 32.Bd4 Qb8 33.Rc6 b3 34.axb3 Rb4 35.Be4 Rxb3 36.Kg2 Qb7 37.Rh1 Nc5
38.Rxc5 dxc5 39.Bxc5+ Kg7 40.Rxh7+ Kxh7 41.Qxg6+  1-0

[Event "Biel op MTO"]
[Site "Biel"]
[Date "1996.??.??"]
[Round "3"]
[White "Gutman, Lev"]
[Black "Wahls, Matthias"]
[Result "1-0"]
[WhiteElo "2440"]
[BlackElo "2540"]

1.Nf3 Nf6 2.c4 b6 3.g3 Bb7 4.Bg2 c5 5.O-O e6 6.b3 Be7 7.Bb2 O-O 8.e3 a6 9.d3 b5
10.Nbd2 Nc6 11.Qe2 Qb6 12.Ne1 a5 13.g4 a4 14.g5 Ne8 15.cxb5 Qxb5 16.f4 a3
17.Bc3 d5 18.Rc1 d4 19.exd4 cxd4 20.Ba1 Nd6 21.Nc4 Nf5 22.Be4 Rfd8 23.Qf3 Ra7
24.Rf2 Nb4 25.Ng2 Ba8 26.h4 f6 27.Re1 Bd5 28.Qh3 g6 29.h5 gxh5 30.Bxf5 exf5
31.Nh4 fxg5 32.Nxf5 Bf8 33.fxg5 Bf7 34.Nh6+ Bxh6 35.gxh6 Ra6 36.Ne5 Bg6 37.Qh4 Re8  1-0

[Event "Budapest FS02 GM"]
[Site "Budapest"]
[Date "1996.??.??"]
[Round "1"]
[White "Fancsy, Imre"]
[Black "Macieja, Bartlomiej"]
[Result "0-1"]
[WhiteElo "2365"]
[BlackElo "2430"]

1.Nf3 Nf6 2.c4 e6 3.g3 b6 4.Bg2 Bb7 5.O-O c5 6.Nc3 Be7 7.d4 cxd4 8.Qxd4 d6
9.Rd1 a6 10.Bg5 Nbd7 11.Bxf6 Nxf6 12.Na4 Rb8 13.c5 bxc5 14.Nxc5 Qc8 15.Nxb7 Qxb7
16.Ne5 d5 17.Rac1 O-O 18.Nc6 Rbc8 19.Qa4 Rc7 20.Rc2 Bd6 21.e4 Rfc8 22.Rdc1 dxe4
23.Bxe4 Nxe4 24.Qxe4 Kh8 25.b4 Bf8 26.a4 g6 27.Qe5+ Bg7 28.Qg5 h6 29.Qc5 Rxc6
30.Qxc6 Rxc6 31.Rxc6 Qxb4 32.Rxa6 Bd4 33.Ra8+ Kg7 34.Rf1 e5 35.a5 Qb7 36.Rd8 h5  0-1